[Event "Chess.com Bullet op1"]
[Site "Chess.com INT"]
[Date "2020.12.19"]
[Round "6"]
[White "Loanzon, Arjoe"]
[Black "Hristodoulou, Panagiotis"]
[Result "1-0"]
[WhiteElo "2140"]
[BlackElo "2302"]
[PlyCount "99"]
[EventDate "2020.12.19"]
[EventType "swiss (blitz)"]
[EventRounds "21"]
[EventCountry "USA"]
[SourceTitle "EXT 2022"]
[Source "ChessBase"]
[SourceDate "2021.10.06"]
[SourceVersion "1"]
[SourceVersionDate "2021.10.06"]
[SourceQuality "1"]

1. h4 Nf6 2. h5 d5 3. e3 h6 4. Be2 c5 5. d3 Nc6 6. Bd2 e5 7. a4 Bd6 8. a5 a6 9. Nc3 Be6 10. Na4 Qe7 11. Nb6 Rd8 12. Nf3 0-0 13. Nh4 e4 14. c3 exd3 15. Bxd3 Ne4 16. Qc2 f5 17. Ng6 Qg5 18. Nxf8 Qxg2 19. Bxe4 fxe4 20. 0-0-0 Bxf8 21. Rdg1 Qf3 22. Rg3 Qf6 23. Rhg1 Ne5 24. Kb1 Bf5 25. Qb3 Kh8 26. Nxd5 Qf7 27. c4 Nxc4 28. Qxc4 Rxd5 29. Qc3 Rd3 30. Qc2 Bh7 31. Bc3 Rd7 32. Bxg7+ Bxg7 33. Rxg7 Qxg7 34. Rxg7 Kxg7 35. Qxc5 Rf7 36. Qe5+ Kg8 37. Qb8+ Kg7 38. Qe5+ Kf8 39. Qg3 Rf3 40. Qd6+ Kg7 41. Qd2 Rf7 42. Ka2 Bg8 43. b3 Rf5 44. Ka3 Rxa5+ 45. Qxa5 b5 46. Qc7+ Bf7 47. Qf4 b4+ 48. Kxb4 a5+ 49. Kxa5 Kf8 50. Kb6 1-0

[Event "Chess.com Bullet op1"]
[Site "Chess.com INT"]
[Date "2020.12.19"]
[Round "21"]
[White "Qiao, Cindy"]
[Black "Loanzon, Arjoe"]
[Result "1-0"]
[WhiteElo "1736"]
[BlackElo "2140"]
[PlyCount "57"]
[EventDate "2020.12.19"]
[EventType "swiss (blitz)"]
[EventRounds "21"]
[EventCountry "USA"]
[SourceTitle "EXT 2022"]
[Source "ChessBase"]
[SourceDate "2021.10.06"]
[SourceVersion "1"]
[SourceVersionDate "2021.10.06"]
[SourceQuality "1"]

1. d4 Nf6 2. Bf4 g6 3. Nc3 Bg7 4. e4 d6 5. Qd2 0-0 6. 0-0-0 Nbd7 7. Nf3 c5 8. Bh6 cxd4 9. Nxd4 Re8 10. h4 Bh8 11. h5 Ne5 12. hxg6 fxg6 13. f3 e6 14. Bd3 Nf7 15. g4 Nxh6 16. Qxh6 Bg7 17. Qh4 Bf8 18. Nce2 Bd7 19. Nf4 e5 20. Nxg6 exd4 21. Nf4 Qe7 22. g5 Nxe4 23. Bxe4 Qg7 24. Bxh7+ Kf7 25. g6+ Qxg6 26. Bxg6+ Kg7 27. Qh7+ Kf6 28. Qf7+ Kg5 29. Rdg1+ 1-0

[Event "Chess.com Bullet op1"]
[Site "Chess.com INT"]
[Date "2020.12.19"]
[Round "7"]
[White "Todev, Simeon"]
[Black "Loanzon, Arjoe"]
[Result "1-0"]
[WhiteElo "2001"]
[BlackElo "2140"]
[PlyCount "77"]
[EventDate "2020.12.19"]
[EventType "swiss (blitz)"]
[EventRounds "21"]
[EventCountry "USA"]
[SourceTitle "EXT 2022"]
[Source "ChessBase"]
[SourceDate "2021.10.06"]
[SourceVersion "1"]
[SourceVersionDate "2021.10.06"]
[SourceQuality "1"]

1. e4 h5 2. Bc4 h4 3. Qf3 e6 4. d4 d6 5. Nc3 Be7 6. Nh3 Nc6 7. Be3 Nf6 8. 0-0-0 Nh5 9. Nf4 Nxf4 10. Bxf4 Bf6 11. e5 Be7 12. exd6 cxd6 13. d5 Ne5 14. Bxe5 exd5 15. Bxd5 0-0 16. Bd4 Bg5+ 17. Kb1 Qa5 18. Ne4 Be7 19. Bc3 Qb6 20. g3 Be6 21. Bxe6 fxe6 22. Qg4 Rf7 23. Qxe6 h3 24. Nxd6 Bxd6 25. Rxd6 Qxf2 26. Rhd1 Raf8 27. a3 Qxh2 28. Rd8 Qe2 29. Rxf8+ Kh7 30. Qxf7 Qxd1+ 31. Ka2 Qg4 32. Qf5+ Qxf5 33. Rxf5 g6 34. Rf1 g5 35. g4 Kg6 36. Rh1 b5 37. Rxh3 a5 38. Rh4 b4 39. Bd4 1-0

[Event "Freemont Poschmann Memorial"]
[Site "Fremont"]
[Date "2009.03.22"]
[Round "3"]
[White "De Guzman, Ricardo"]
[Black "Loanzon, Arjoe"]
[Result "1-0"]
[WhiteElo "2410"]
[BlackElo "2137"]
[PlyCount "61"]
[EventDate "2009.03.21"]
[EventType "swiss"]
[EventRounds "4"]
[EventCountry "USA"]
[SourceTitle "EXT 2024"]
[Source "ChessBase"]
[SourceDate "2023.10.10"]
[SourceVersion "1"]
[SourceVersionDate "2023.10.10"]
[SourceQuality "1"]

1. d4 Nf6 2. Nf3 g6 3. Bg5 Bg7 4. Nbd2 d5 5. e3 0-0 6. Be2 Nbd7 7. c4 c5 8. cxd5 cxd4 9. e4 Nc5 10. Qc2 Nfd7 11. 0-0 d3 12. Bxd3 Nxd3 13. Qxd3 Bxb2 14. Rab1 Ne5 15. Nxe5 Bxe5 16. f4 Bg7 17. f5 b6 18. Qa3 f6 19. Be3 gxf5 20. Bxb6 Qe8 21. Bc5 Rf7 22. exf5 Qd7 23. Qb3 Ba6 24. Rf2 Rd8 25. Ne4 Kh8 26. d6 exd6 27. Nxd6 Re7 28. Rd2 Bh6 29. Nf7+ Rxf7 30. Rxd7 Rfxd7 31. Qe6 1-0

[Event "Freemont Poschmann Memorial"]
[Site "Fremont"]
[Date "2009.03.22"]
[Round "4"]
[White "Loanzon, Arjoe"]
[Black "Jasthi, Sreekar"]
[Result "1-0"]
[WhiteElo "2137"]
[BlackElo "1894"]
[PlyCount "75"]
[EventDate "2009.03.21"]
[EventType "swiss"]
[EventRounds "4"]
[EventCountry "USA"]
[SourceTitle "EXT 2024"]
[Source "ChessBase"]
[SourceDate "2023.10.10"]
[SourceVersion "1"]
[SourceVersionDate "2023.10.10"]
[SourceQuality "1"]

1. e4 c5 2. Nf3 d6 3. d4 cxd4 4. Nxd4 Nf6 5. Nc3 a6 6. f4 e6 7. Qf3 Be7 8. g4 Qc7 9. g5 Nfd7 10. Be3 Nc6 11. 0-0-0 b5 12. Qh3 Bb7 13. g6 Nxd4 14. gxf7+ Kxf7 15. Bxd4 e5 16. fxe5 dxe5 17. Be3 Nf6 18. Nd5 Bxd5 19. exd5 Qd6 20. Bg2 Rac8 21. Rhf1 Rhd8 22. Be4 Kg8 23. Rxf6 Bxf6 24. Qxh7+ Kf8 25. Rf1 Ke7 26. Qg6 Rf8 27. Kb1 Kd8 28. a3 a5 29. Qg1 Ke7 30. Bb6 a4 31. Ba5 Rc4 32. Qa7+ Qd7 33. d6+ Ke8 34. Bg6+ Rf7 35. Qxd7+ Kxd7 36. Bxf7 Rh4 37. Bb4 Rxh2 38. Bg6 1-0